Statistics for 10 Biggest Cities in Czech Republic Map Quiz

Click here to take the quiz!

General Stats

  • This quiz has been taken 21 times
  • The average score is 5 of 10

Answer Stats

Population City % Correct
11294513Prague
100%
2379527Brno
84%
4170936Plzeň
68%
3290450Ostrava
58%
793863České Budějovice
42%
5103979Liberec
37%
1090335Pardubice
26%
992917Hradec Králové
26%
893040Ústí nad Labem
26%
6100494Olomouc
26%

Score Distribution

Percentile by Number Answered

Percent of People with Each Score

Your Score History

You have not taken this quiz